Adán Buenosayres
Saved in:
| Hovedforfatter: | |
|---|---|
| Format: | Bog |
| Sprog: | spansk |
| Udgivet: |
Buenos Aires
Sudamericana
1973
|
| Udgivelse: | 5a. ed |
| Fag: | |
| Tags: |
Tilføj Tag
Ingen Tags, Vær først til at tagge denne postø!
|
MARC
| LEADER | 00000nam a2200000 a 4500 | ||
|---|---|---|---|
| 001 | UCT6570 | ||
| 003 | CL-VaPUC | ||
| 008 | 970113e19730000AG |||||||||||||||||spa|d | ||
| 082 | 0 | 4 | |a Ar863 |b MAR |2 21 |
| 100 | |a Marechal, Leopoldo |e autor |9 376931 | ||
| 245 | 1 | 0 | |a Adán Buenosayres |
| 250 | |a 5a. ed | ||
| 300 | |a 739 p | ||
| 942 | |c BK | ||
| 945 | |d 19970113 00:00:00 |a rleighto | ||
| 260 | |a Buenos Aires |b Sudamericana |c 1973 | ||
| 650 | 0 | |a Novelas argentinas |9 267871 | |
| 583 | |a last modification |c 19970113 00:00:00 |k Rodrigo Vera | ||
| 999 | |c 255258 |d 255256 | ||
| 952 | |0 0 |1 0 |4 0 |6 AR_863_000000000000000_MAR_1973 |7 0 |8 A |9 277436 |a BIBEDU |b BIBEDU |d 2019-11-19 |i 3266850 |l 1 |o Ar863 MAR 1973 |p 3266850 |r 2024-06-06 |s 2024-06-04 |w 2019-11-19 |y BK |k LIT | ||